| 000 | 00374nam a2200133Ia 4500 | ||
|---|---|---|---|
| 008 | 240624s9999 xx 000 0 und d | ||
| 041 | _aeng | ||
| 082 | _a650.14 SHA | ||
| 100 | _aSHAVICK ANDREA | ||
| 245 | _aA Z GUIDE TO JOB SEARCHING TAKE ON THE J | ||
| 260 |
_c2004 _aNew Delhi _bKogan Page India Private limited |
||
| 300 | _aix, : 195 : p. : cm. ; 22 | ||
| 365 |
_cRS _b33 |
||
| 999 |
_c11599 _d11599 |
||